[Event "Cali op-C"]
[Site "Cali"]
[Date "2008.12.26"]
[Round "2"]
[White "Orozco, Juan Manuel"]
[Black "Rosales, Frederick"]
[Result "1/2-1/2"]
[WhiteElo "1600"]
[BlackElo "1629"]
[PlyCount "49"]
[EventDate "2008.12.26"]
[EventType "swiss"]
[EventRounds "9"]
[EventCountry "COL"]
[SourceTitle "EXT 2011"]
[Source "ChessBase"]
[SourceDate "2010.11.26"]
[SourceVersion "1"]
[SourceVersionDate "2010.11.26"]
[SourceQuality "1"]

1. e4 e5 2. c3 Bc5 3. Bc4 Qg5 4. g3 Qf6 5. Nf3 Nh6 6. d4 exd4 7. cxd4 Bb4+ 8. Nc3 d6 9. Bxh6 gxh6 10. e5 dxe5 11. Nxe5 Nd7 12. 0-0 Bxc3 13. bxc3 0-0 14. Qg4+ Qg7 15. Qxg7+ Kxg7 16. Rfe1 f6 17. Nxd7 Bxd7 18. Re7+ Kg6 19. Rxd7 Rab8 20. Re1 b5 21. Bd3+ f5 22. Re6+ Rf6 23. Rxf6+ Kxf6 24. Rxc7 b4 25. c4 1/2-1/2